<?xml version="1.0" encoding="UTF-8"?>
<record
    xmlns:xsi="http://www.w3.org/2001/XMLSchema-instance"
    xsi:schemaLocation="http://www.loc.gov/MARC21/slim http://www.loc.gov/standards/marcxml/schema/MARC21slim.xsd"
    xmlns="http://www.loc.gov/MARC21/slim">

  <leader>01275cam a2200253 a 4500</leader>
  <controlfield tag="001">000002823</controlfield>
  <controlfield tag="005">20200929150250.0</controlfield>
  <controlfield tag="008">740725s1979    mx            001 0 spa  </controlfield>
  <datafield tag="020" ind1=" " ind2=" ">
    <subfield code="a">9683500005</subfield>
  </datafield>
  <datafield tag="040" ind1=" " ind2=" ">
    <subfield code="a">DO-SdBNP</subfield>
    <subfield code="c">PBm</subfield>
    <subfield code="d">DLC</subfield>
  </datafield>
  <datafield tag="082" ind1=" " ind2=" ">
    <subfield code="a">980.001</subfield>
    <subfield code="b">Z41p</subfield>
  </datafield>
  <datafield tag="100" ind1="1" ind2=" ">
    <subfield code="a">Zea, Leopoldo,</subfield>
    <subfield code="d">1912-2004</subfield>
    <subfield code="9">8934</subfield>
  </datafield>
  <datafield tag="245" ind1="1" ind2="0">
    <subfield code="a">Precursores del pensamiento latinoamericano contempor&#xE1;neo /</subfield>
    <subfield code="c">Leopoldo Zea.</subfield>
  </datafield>
  <datafield tag="260" ind1=" " ind2=" ">
    <subfield code="a">M&#xE9;xico :</subfield>
    <subfield code="b">Diana,</subfield>
    <subfield code="c">1979.</subfield>
  </datafield>
  <datafield tag="300" ind1=" " ind2=" ">
    <subfield code="a">260 p. ;</subfield>
    <subfield code="c">16 cm.</subfield>
  </datafield>
  <datafield tag="490" ind1="1" ind2=" ">
    <subfield code="a">SepSetentas,</subfield>
    <subfield code="v">14</subfield>
  </datafield>
  <datafield tag="505" ind1="0" ind2=" ">
    <subfield code="a">Nuestros indios, Manuel Gonz&#xE1;lez Prada.--Nuestra Am&#xE9;rica, Jos&#xE9; Mart&#xED;.--Ariel, Jos&#xE9; E. Rod&#xF3;.--La raza cosmica, Jos&#xE9; Vasconcelos.--El problema social y pol&#xED;tico, Antonio Caso.--La utop&#xED;a de Am&#xE9;rica, Pedro Henr&#xED;quez Ure&#xF1;a.--Notas sobre la inteligencia americana, Alfonso Reyes.--Aislamiento, Ezequiel Mart&#xED;nez Estrada.--Regionalismo y centralismo, Jos&#xE9; Carlos. Mari&#xE1;tegui.--Conocimiento y expresi&#xF3;n de la Argentina, Eduardo Mallea.</subfield>
  </datafield>
  <datafield tag="650" ind1=" " ind2="4">
    <subfield code="a">Filosof&#xED;a latinoamericana</subfield>
    <subfield code="x">Historia</subfield>
    <subfield code="9">1121</subfield>
  </datafield>
  <datafield tag="650" ind1=" " ind2="4">
    <subfield code="a">Filosof&#xED;a latinoamericana</subfield>
    <subfield code="9">471</subfield>
  </datafield>
  <datafield tag="650" ind1=" " ind2="4">
    <subfield code="a">Ensayo latinoamericano</subfield>
    <subfield code="9">8935</subfield>
  </datafield>
  <datafield tag="650" ind1=" " ind2="4">
    <subfield code="a">Escritores hispanoamericanos</subfield>
    <subfield code="y">SIGLO XIX</subfield>
    <subfield code="x">Pensamiento social</subfield>
    <subfield code="9">8936</subfield>
  </datafield>
  <datafield tag="830" ind1=" " ind2="0">
    <subfield code="a">SepSetentas,</subfield>
    <subfield code="v">14</subfield>
    <subfield code="9">8937</subfield>
  </datafield>
  <datafield tag="910" ind1=" " ind2=" ">
    <subfield code="a">Catalogaci&#xF3;n por copia / LC</subfield>
  </datafield>
  <datafield tag="952" ind1=" " ind2=" ">
    <subfield code="0">0</subfield>
    <subfield code="1">0</subfield>
    <subfield code="5">2</subfield>
    <subfield code="7">0</subfield>
    <subfield code="8">MO</subfield>
    <subfield code="a">GR</subfield>
    <subfield code="b">GR</subfield>
    <subfield code="c">CT</subfield>
    <subfield code="d">2009-07-03</subfield>
    <subfield code="i">LF1</subfield>
    <subfield code="l">0</subfield>
    <subfield code="o">980.001 Z41p</subfield>
    <subfield code="p">2823-10</subfield>
    <subfield code="r">2020-06-25</subfield>
    <subfield code="w">2020-06-25</subfield>
    <subfield code="y">2</subfield>
    <subfield code="Z">Pr&#xE9;stamo interno</subfield>
  </datafield>
  <datafield tag="999" ind1=" " ind2=" ">
    <subfield code="c">2657</subfield>
    <subfield code="d">2657</subfield>
  </datafield>
</record>
